000
00293nam a2200121Ia 4500
008
230312s9999||||xx |||||||||||||| ||und||
082
_a
338.5024
_b
SAL-M
100
_a
Salvatore;Dominick
245
0
_a
Managerial Economics in a global economy
300
_a
737
650
_a
Economics
942
_c
BK
999
_c
702
_d
702